[Event "Helsinki MatSK op"]
[Site "Helsinki"]
[Date "2020.02.23"]
[Round "6"]
[White "Arstila, Petteri"]
[Black "Sarkio, Lauri"]
[Result "1-0"]
[WhiteElo "2061"]
[BlackElo "2045"]
[PlyCount "89"]
[EventDate "2020.02.21"]
[EventType "swiss"]
[EventRounds "7"]
[EventCountry "FIN"]
[SourceTitle "CBM 195 Extra"]
[Source "ChessBase"]
[SourceDate "2020.05.31"]
[SourceVersion "1"]
[SourceVersionDate "2020.05.31"]
[SourceQuality "1"]

1. e4 e6 2. d4 d5 3. Nc3 Bb4 4. e5 Ne7 5. a3 Bxc3+ 6. bxc3 b6 7. Bb5+ c6 8. Bd3 Ba6 9. Qg4 Bxd3 10. cxd3 Nf5 11. Nf3 c5 12. dxc5 bxc5 13. 0-0 Nd7 14. a4 0-0 15. Re1 Qa5 16. Bd2 Qa6 17. d4 Rfc8 18. Qh5 Nf8 19. g4 g6 20. Qh3 Ng7 21. Bg5 cxd4 22. cxd4 Rc3 23. Re3 Rac8 24. Rae1 Rxe3 25. fxe3 Rc2 26. Be7 Qd3 27. Bxf8 Kxf8 28. Qxh7 Qe4 29. Qh3 Ke7 30. Ng5 Qd3 31. Rf1 Nf5 32. gxf5 exf5 33. Qf3 Qd2 34. Rf2 Qe1+ 35. Kg2 Rc1 36. Nh3 a5 37. Kg3 Rc3 38. Nf4 Qg1+ 39. Rg2 Qe1+ 40. Kh3 Ra3 41. Nxd5+ Kf8 42. Qf4 Kg7 43. Qg5 Qd1 44. Qf6+ Kh7 45. Qxf7+ 1-0

[Event "Lahti LahS Weekend-A"]
[Site "Lahti"]
[Date "2019.08.18"]
[Round "3"]
[White "Sipila, Markku"]
[Black "Sarkio, Lauri"]
[Result "1/2-1/2"]
[WhiteElo "2020"]
[BlackElo "2065"]
[PlyCount "95"]
[EventDate "2019.08.17"]
[EventType "swiss"]
[EventRounds "4"]
[EventCountry "FIN"]
[SourceTitle "CBM 192 Extra"]
[Source "Chessbase"]
[SourceDate "2019.11.06"]
[SourceVersion "1"]
[SourceVersionDate "2019.11.06"]
[SourceQuality "1"]

1. d4 Nf6 2. c4 g6 3. Nc3 Bg7 4. e4 d6 5. Bd3 0-0 6. Nge2 c5 7. d5 e6 8. 0-0 exd5 9. exd5 Re8 10. h3 Nbd7 11. Ng3 Ne5 12. Be2 a6 13. Bg5 h6 14. Be3 Qe7 15. Qd2 Kh7 16. Rae1 Ned7 17. Kh1 Ng8 18. Bd3 Qf8 19. f4 f5 20. Qc2 Ndf6 21. Na4 b5 22. Nb6 Rb8 23. Nxc8 Rexc8 24. b3 Ne7 25. Bd2 bxc4 26. bxc4 Nfxd5 27. cxd5 Rb2 28. Qc1 Nxd5 29. Bc4 Nb4 30. Bc3 Rc2 31. Bxg7 Qxg7 32. Qe3 Rxc4 33. Qe6 Qg8 34. Qxd6 Nc6 35. Rb1 Rb4 36. Qd7+ Kh8 37. Rxb4 Nxb4 38. Re1 Nd5 39. Rd1 Nxf4 40. Rd6 Qe8 41. Qb7 Rd8 42. Rxa6 Rb8 43. Qc7 Nxh3 44. Ra7 Nf2+ 45. Kh2 Ng4+ 46. Kh3 Nf2+ 47. Kh2 Ng4+ 48. Kh3 1/2-1/2

[Event "Lahti LahS Weekend-A"]
[Site "Lahti"]
[Date "2019.08.17"]
[Round "1"]
[White "Sarkio, Lauri"]
[Black "Jarvenpaa, Jari"]
[Result "1-0"]
[WhiteElo "2065"]
[BlackElo "2253"]
[PlyCount "105"]
[EventDate "2019.08.17"]
[EventType "swiss"]
[EventRounds "4"]
[EventCountry "FIN"]
[SourceTitle "CBM 192 Extra"]
[Source "Chessbase"]
[SourceDate "2019.11.06"]
[SourceVersion "1"]
[SourceVersionDate "2019.11.06"]
[SourceQuality "1"]

1. e4 c6 2. Nf3 d5 3. Nc3 Nf6 4. e5 Ne4 5. Bd3 Nc5 6. Be2 Bg4 7. d4 Ncd7 8. Ng5 Bf5 9. g4 Be6 10. f4 h6 11. Nxe6 fxe6 12. Qd3 Qb6 13. Be3 Na6 14. Qg6+ Kd8 15. 0-0-0 Nc7 16. Kb1 Nb5 17. Nxb5 cxb5 18. c3 Kc7 19. Rc1 Rd8 20. Rhd1 Kb8 21. h4 a6 22. Ka1 Qc6 23. b3 Nb6 24. Bg1 Rc8 25. Be3 Ka7 26. Kb2 Qe8 27. Qxe8 Rxe8 28. Bd3 g6 29. Bxg6 Rc8 30. Rf1 Bg7 31. f5 exf5 32. Rxf5 e6 33. Rf7 Bf8 34. Rcf1 b4 35. cxb4 Bxb4 36. Rc1 Rxc1 37. Bxc1 Rc8 38. Bxh6 Bc3+ 39. Kb1 Bxd4 40. Bf4 Na8 41. h5 Nc7 42. Rxc7 Rxc7 43. h6 Rc8 44. h7 Rf8 45. Bg3 Rf3 46. h8Q Rxg3 47. Bf7 Re3 48. Bxe6 Rxe5 49. Qc8 Be3 50. Kc2 d4 51. Kd3 Rb5 52. a4 Re5 53. Qd7 1-0

[Event "Helsinki EtVaS op"]
[Site "Helsinki"]
[Date "2019.05.19"]
[Round "4"]
[White "Riihimaki, Pekka"]
[Black "Sarkio, Lauri"]
[Result "1/2-1/2"]
[WhiteElo "1920"]
[BlackElo "2037"]
[PlyCount "35"]
[EventDate "2019.05.17"]
[EventType "swiss"]
[EventRounds "5"]
[EventCountry "FIN"]
[SourceTitle "CBM 195 Extra"]
[Source "ChessBase"]
[SourceDate "2020.05.31"]
[SourceVersion "1"]
[SourceVersionDate "2020.05.31"]
[SourceQuality "1"]

1. e4 e6 2. d4 d5 3. Nc3 Bb4 4. exd5 exd5 5. Bd3 Ne7 6. Nf3 Bf5 7. 0-0 Qc8 8. Re1 0-0 9. a3 Bxc3 10. bxc3 Ng6 11. Bxf5 Qxf5 12. Qd3 Qxd3 13. cxd3 Nd7 14. Bd2 Rfe8 15. Kf1 f6 16. Rxe8+ Rxe8 17. Re1 Rxe1+ 18. Kxe1 1/2-1/2

[Event "Helsinki EtVaS op"]
[Site "Helsinki"]
[Date "2019.05.18"]
[Round "2"]
[White "Aalto, Patrik"]
[Black "Sarkio, Lauri"]
[Result "0-1"]
[WhiteElo "2022"]
[BlackElo "2037"]
[PlyCount "40"]
[EventDate "2019.05.17"]
[EventType "swiss"]
[EventRounds "5"]
[EventCountry "FIN"]
[SourceTitle "CBM 195 Extra"]
[Source "ChessBase"]
[SourceDate "2020.05.31"]
[SourceVersion "1"]
[SourceVersionDate "2020.05.31"]
[SourceQuality "1"]

1. e4 c5 2. Nf3 e6 3. c4 Nc6 4. Be2 g5 5. d3 h6 6. h4 g4 7. Nfd2 Nf6 8. Nb3 d5 9. exd5 exd5 10. 0-0 d4 11. Re1 Be6 12. g3 Bd6 13. N1d2 Qc7 14. Kh2 Ne5 15. Bf1 0-0-0 16. Qe2 Ng6 17. Bg2 Nh5 18. Ne4 Bd7 19. Nxd6+ Qxd6 20. Nd2 Ngf4 0-1

[Event "Helsinki MatSK op"]
[Site "Helsinki"]
[Date "2019.02.22"]
[Round "1"]
[White "Lallukka, Taneli"]
[Black "Sarkio, Lauri"]
[Result "1-0"]
[WhiteElo "1878"]
[BlackElo "2049"]
[PlyCount "61"]
[EventDate "2019.02.22"]
[EventType "swiss"]
[EventRounds "7"]
[EventCountry "FIN"]
[SourceTitle "CBM 189 Extra"]
[Source "ChessBase"]
[SourceDate "2019.06.03"]
[SourceVersion "1"]
[SourceVersionDate "2019.06.03"]
[SourceQuality "1"]

1. d4 Nf6 2. Bf4 g6 3. e3 Bg7 4. Nf3 0-0 5. Be2 b6 6. Nbd2 Bb7 7. c3 d6 8. Qc2 Nbd7 9. h4 h5 10. Rh3 Re8 11. Rg3 e5 12. dxe5 dxe5 13. Bg5 e4 14. Bxf6 Qxf6 15. Ng5 Nc5 16. Bc4 Re7 17. 0-0-0 Rd8 18. Nb3 Rxd1+ 19. Qxd1 Rd7 20. Qc2 Nd3+ 21. Bxd3 Rxd3 22. f4 Qd6 23. Nd2 f5 24. Nc4 Qd8 25. Ne6 Qe7 26. Rxg6 Qxh4 27. Rxg7+ Kh8 28. Qe2 Bd5 29. Ne5 Qh1+ 30. Kc2 Bxe6 31. Rg5 1-0

[Event "Naantali Avoin op"]
[Site "Naantali"]
[Date "2018.07.03"]
[Round "3"]
[White "Sarkio, Lauri"]
[Black "Haddara, Marwan"]
[Result "1-0"]
[WhiteElo "2011"]
[BlackElo "1903"]
[PlyCount "69"]
[EventDate "2018.07.02"]
[EventType "swiss"]
[EventRounds "9"]
[EventCountry "FIN"]
[SourceTitle "EXT 2019"]
[Source "ChessBase"]
[SourceDate "2018.10.10"]
[SourceVersion "1"]
[SourceVersionDate "2018.10.10"]
[SourceQuality "1"]

1. e4 e5 2. Nf3 Nc6 3. Bb5 a6 4. Ba4 Nf6 5. Qe2 b5 6. Bb3 Bc5 7. a4 Na7 8. Nc3 Rb8 9. d3 Ng4 10. Bxf7+ Kf8 11. 0-0 d6 12. Ng5 Nc6 13. Ne6+ Bxe6 14. Bxe6 h5 15. Qf3+ Nf6 16. Ne2 Ke7 17. Bb3 Na5 18. Ba2 b4 19. Bc4 Nxc4 20. dxc4 Qg8 21. Qd3 h4 22. Be3 Bxe3 23. fxe3 Qh7 24. Rf5 h3 25. g3 Qg6 26. c5 Qg4 27. Raf1 a5 28. Nf4 exf4 29. R1xf4 Qg6 30. e5 Ne8 31. exd6+ cxd6 32. Qe4+ Kd8 33. cxd6 Nxd6 34. Rf8+ Rxf8 35. Qxg6 1-0

[Event "Turku We TSY"]
[Site "Turku"]
[Date "2018.04.22"]
[Round "4"]
[White "Sarkio, Lauri"]
[Black "Linden, Lari"]
[Result "1/2-1/2"]
[WhiteElo "1992"]
[BlackElo "2150"]
[PlyCount "36"]
[EventDate "2018.04.20"]
[EventType "swiss"]
[EventRounds "5"]
[EventCountry "FIN"]
[SourceTitle "EXT 2022"]
[Source "ChessBase"]
[SourceDate "2021.10.06"]
[SourceVersion "1"]
[SourceVersionDate "2021.10.06"]
[SourceQuality "1"]

1. Nf3 Nf6 2. g3 g6 3. Bg2 Bg7 4. c4 d6 5. d4 0-0 6. Nc3 Nbd7 7. e4 e5 8. 0-0 exd4 9. Nxd4 c6 10. Nc2 Ne5 11. b3 Qa5 12. Bb2 Ne8 13. Qd2 f5 14. f4 Nf7 15. exf5 Bxf5 16. Ne3 Bd7 17. Rad1 Rd8 18. Ba1 Nh6 1/2-1/2

[Event "Turku We TuTS A"]
[Site "Turku"]
[Date "2017.12.08"]
[Round "1"]
[White "Sarkio, Lauri"]
[Black "Riihimaki, Pekka"]
[Result "0-1"]
[WhiteElo "2003"]
[BlackElo "1953"]
[PlyCount "112"]
[EventDate "2017.12.08"]
[EventType "swiss"]
[EventRounds "5"]
[EventCountry "FIN"]
[SourceTitle "EXT 2022"]
[Source "ChessBase"]
[SourceDate "2021.10.06"]
[SourceVersion "1"]
[SourceVersionDate "2021.10.06"]
[SourceQuality "1"]

1. e4 c5 2. Nf3 d6 3. Bb5+ Nd7 4. 0-0 Ngf6 5. Re1 a6 6. Bf1 e6 7. b3 Be7 8. d4 cxd4 9. Nxd4 0-0 10. c4 Qc7 11. Bb2 b6 12. Nc3 Bb7 13. Rc1 Rfd8 14. Kh1 Nc5 15. f3 Rac8 16. Qd2 h6 17. Qf2 Qb8 18. Rcd1 Qc7 19. Rc1 Qb8 20. Rcd1 Qc7 21. g3 Nh7 22. Bg2 Bf6 23. f4 Nf8 24. Ba1 Nh7 25. Bf3 Re8 26. Nde2 Rcd8 27. Qg2 g6 28. Nc1 Bc6 29. Nd3 Nxd3 30. Rxd3 Rd7 31. a4 Red8 32. Red1 Bg7 33. Bb2 Nf6 34. h4 h5 35. Ba3 Ng4 36. Kg1 b5 37. Bxg4 hxg4 38. Kh2 bxc4 39. bxc4 Bxc3 40. Rxc3 f5 41. Qd2 Bxe4 42. Rcc1 Qc6 43. a5 Bf3 44. Re1 Be4 45. Bb2 Kh7 46. Qc3 e5 47. Rcd1 Qc5 48. Rd2 exf4 49. gxf4 d5 50. Qe5 Qxc4 51. Rc1 Qb3 52. Rc3 Qb8 53. Rc6 Qxe5 54. Bxe5 Ra8 55. Rb2 d4 56. Rb4 Bxc6 0-1

[Event "Helsinki We LauttSSK"]
[Site "Helsinki"]
[Date "2017.11.12"]
[Round "3.1"]
[White "Jarvenpaa, Jari"]
[Black "Sarkio, Lauri"]
[Result "1-0"]
[WhiteElo "2290"]
[BlackElo "2003"]
[PlyCount "59"]
[EventDate "2017.11.11"]
[EventType "swiss"]
[EventRounds "4"]
[EventCountry "FIN"]
[SourceTitle "EXT 2022"]
[Source "ChessBase"]
[SourceDate "2021.10.06"]
[SourceVersion "1"]
[SourceVersionDate "2021.10.06"]
[SourceQuality "1"]

1. e4 c5 2. Nf3 e6 3. d3 Nc6 4. g3 d6 5. Bg2 Nge7 6. 0-0 g6 7. d4 cxd4 8. Nxd4 a6 9. Nxc6 Nxc6 10. Nd2 Qc7 11. c3 Ne5 12. Qc2 Bd7 13. b3 Bg7 14. Ba3 Rc8 15. Rad1 Qxc3 16. Qxc3 Rxc3 17. f4 Ng4 18. Nc4 Rxc4 19. bxc4 Ne3 20. Bxd6 Bf8 21. e5 Nxd1 22. Rxd1 Bxd6 23. exd6 Bc6 24. Bxc6+ bxc6 25. Rb1 Kd7 26. c5 Ra8 27. Rb7+ Ke8 28. Re7+ Kf8 29. Rc7 Rb8 30. Rxc6 1-0

[Event "Helsinki We LauttSSK"]
[Site "Helsinki"]
[Date "2017.11.12"]
[Round "4.2"]
[White "Sarkio, Lauri"]
[Black "Lahdelma, Henri"]
[Result "1/2-1/2"]
[WhiteElo "2003"]
[BlackElo "2013"]
[PlyCount "27"]
[EventDate "2017.11.11"]
[EventType "swiss"]
[EventRounds "4"]
[EventCountry "FIN"]
[SourceTitle "EXT 2022"]
[Source "ChessBase"]
[SourceDate "2021.10.06"]
[SourceVersion "1"]
[SourceVersionDate "2021.10.06"]
[SourceQuality "1"]

1. e4 e6 2. d4 d5 3. Nd2 Be7 4. exd5 exd5 5. Bd3 Nf6 6. h3 0-0 7. Ne2 Re8 8. 0-0 Bd6 9. Nf3 Ne4 10. Bf4 c6 11. Bxd6 Qxd6 12. Qc1 Nd7 13. c3 h6 14. Qf4 1/2-1/2

[Event "Helsinki We LauttSSK"]
[Site "Helsinki"]
[Date "2017.11.11"]
[Round "2.2"]
[White "Ertbjerg, Per"]
[Black "Sarkio, Lauri"]
[Result "0-1"]
[WhiteElo "1920"]
[BlackElo "2003"]
[PlyCount "106"]
[EventDate "2017.11.11"]
[EventType "swiss"]
[EventRounds "4"]
[EventCountry "FIN"]
[SourceTitle "EXT 2022"]
[Source "ChessBase"]
[SourceDate "2021.10.06"]
[SourceVersion "1"]
[SourceVersionDate "2021.10.06"]
[SourceQuality "1"]

1. d4 Nf6 2. c4 g6 3. Nc3 Bg7 4. e4 d6 5. Bg5 h6 6. Bh4 0-0 7. f4 c5 8. d5 b5 9. cxb5 a6 10. bxa6 Qa5 11. Qd2 Nbd7 12. Nf3 Bxa6 13. Bxa6 Qxa6 14. Qe2 Rfb8 15. Rb1 Nh5 16. 0-0 Qxe2 17. Nxe2 Kf8 18. e5 dxe5 19. fxe5 Nxe5 20. Nxe5 Bxe5 21. Nc3 Nf4 22. Rfd1 Bxc3 23. bxc3 Ne2+ 24. Kf1 Rxb1 25. Rxb1 Nxc3 26. Rc1 Nxd5 27. Rxc5 e6 28. Bg3 Ke7 29. Rb5 Rxa2 30. Rb3 g5 31. Be5 Ra7 32. Rh3 Ra4 33. Bg7 f6 34. Bxh6 Kf7 35. Rb3 Rh4 36. Rb7+ Ne7 37. Bxg5 fxg5 38. h3 Kf6 39. Rb3 Nd5 40. Ra3 Rc4 41. Rb3 Kf5 42. Rb8 Rc2 43. Rf8+ Ke4 44. g3 Ne3+ 45. Ke1 Rg2 46. g4 Nd5 47. Rg8 Kf4 48. Rf8+ Ke3 49. Kf1 Rh2 50. Rg8 Nf4 51. Kg1 Rc2 52. Rh8 Kf3 53. h4 Kg3 0-1

[Event "Helsinki We LauttSSK"]
[Site "Helsinki"]
[Date "2017.11.11"]
[Round "1.2"]
[White "Sarkio, Lauri"]
[Black "Vihinen, Teemu"]
[Result "1-0"]
[WhiteElo "2003"]
[BlackElo "2157"]
[PlyCount "60"]
[EventDate "2017.11.11"]
[EventType "swiss"]
[EventRounds "4"]
[EventCountry "FIN"]
[SourceTitle "EXT 2022"]
[Source "ChessBase"]
[SourceDate "2021.10.06"]
[SourceVersion "1"]
[SourceVersionDate "2021.10.06"]
[SourceQuality "1"]

1. e4 e6 2. d4 d5 3. Nd2 h6 4. e5 c5 5. c3 Nc6 6. Ndf3 Qb6 7. Bd3 cxd4 8. cxd4 Bb4+ 9. Kf1 Bd7 10. Be3 Na5 11. a3 Bf8 12. b4 Nc4 13. Bxc4 dxc4 14. d5 Qb5 15. d6 Bc6 16. Bc5 c3+ 17. Ke1 Qc4 18. Rc1 Qe4+ 19. Ne2 f6 20. d7+ Bxd7 21. Bxf8 Rd8 22. Bd6 Ne7 23. Qd4 Qxd4 24. Nfxd4 Nc8 25. Bc7 fxe5 26. Nf3 e4 27. Ne5 Ke7 28. Bxd8+ Rxd8 29. Nxc3 Nd6 30. Nxd7 Rxd7 1-0

[Event "FIN-chT1B 1617"]
[Site "Finland"]
[Date "2017.02.04"]
[Round "6.7"]
[White "Turtiainen, Tauno"]
[Black "Sarkio, Lauri"]
[Result "1/2-1/2"]
[WhiteElo "1958"]
[BlackElo "1928"]
[PlyCount "51"]
[EventDate "2016.09.17"]
[EventType "team-tourn"]
[EventRounds "7"]
[EventCountry "FIN"]
[SourceTitle "EXT 2019"]
[Source "ChessBase"]
[SourceDate "2018.10.10"]
[SourceVersion "1"]
[SourceVersionDate "2018.10.10"]
[SourceQuality "1"]
[WhiteTeam "Helsinki HSK II"]
[BlackTeam "Lahti S"]
[WhiteTeamCountry "FIN"]
[BlackTeamCountry "FIN"]

1. e4 c5 2. Nf3 d6 3. d4 cxd4 4. Nxd4 Nf6 5. Nc3 a6 6. Bg5 Nbd7 7. f4 Qa5 8. Qd2 b5 9. Bxf6 Nxf6 10. e5 b4 11. exf6 bxc3 12. bxc3 gxf6 13. Be2 Bb7 14. Rb1 Bxg2 15. Rg1 Be4 16. Qe3 f5 17. Rg5 Rc8 18. Rb3 Qxa2 19. Nxf5 Bxf5 20. Rxf5 Rg8 21. Qb6 Qxc2 22. Bb5+ axb5 23. Qxb5+ Kd8 24. Qa5+ Ke8 25. Qa4+ Kd8 26. Qa5+ 1/2-1/2

[Event "FIN-chT1B 1617"]
[Site "Finland"]
[Date "2016.12.10"]
[Round "4.7"]
[White "Sarkio, Lauri"]
[Black "Rauramaa, Julius"]
[Result "1-0"]
[WhiteElo "1928"]
[BlackElo "2013"]
[PlyCount "103"]
[EventDate "2016.09.17"]
[EventType "team-tourn"]
[EventRounds "7"]
[EventCountry "FIN"]
[SourceTitle "EXT 2019"]
[Source "ChessBase"]
[SourceDate "2018.10.10"]
[SourceVersion "1"]
[SourceVersionDate "2018.10.10"]
[SourceQuality "1"]
[WhiteTeam "Lahti S"]
[BlackTeam "Espoo MatSK II"]
[WhiteTeamCountry "FIN"]
[BlackTeamCountry "FIN"]

1. e4 Nf6 2. e5 Nd5 3. g3 d6 4. exd6 exd6 5. Bg2 Nb6 6. b3 Be7 7. Bb2 0-0 8. Ne2 Bf6 9. Nbc3 Nc6 10. 0-0 Bg4 11. Qc1 Re8 12. Nf4 Qc8 13. h3 Bf5 14. d3 Nd4 15. Kh2 Bg5 16. Ne4 Ne2 17. Qd2 Nxf4 18. gxf4 Bh6 19. Ng3 Be6 20. Rae1 Qd8 21. Qc3 Nd5 22. Bxd5 Bxd5 23. Rxe8+ Qxe8 24. Qd4 Be6 25. Nh5 Kf8 26. Nxg7 Bxg7 27. Qxg7+ Ke7 28. Re1 Qc6 29. Rxe6+ Kxe6 30. Qf6+ Kd7 31. Qxf7+ Kc8 32. Qf8+ Kd7 33. Qxa8 Qf3 34. Qg8 Qxf2+ 35. Qg2 Qxf4+ 36. Kh1 Qe3 37. a4 c6 38. Qg7+ Kc8 39. Qf8+ Kc7 40. Qg7+ Kc8 41. Qf8+ Kc7 42. Qf7+ Kc8 43. Kg2 Qg5+ 44. Kf3 Qd2 45. Qe8+ Kc7 46. Qe7+ Kc8 47. Qe2 Qa5 48. Kg2 h5 49. Bf6 Qd5+ 50. Qe4 Qg8+ 51. Kf2 h4 52. Qg4+ 1-0